| 000 | 00792cab a2200313 4500 | ||
|---|---|---|---|
| 001 | ABS49280 | ||
| 008 | 090401t1993 xxu||||| |||| 00| 0 eng d | ||
| 035 | _a(Sirsi) u70704 | ||
| 041 | _aeng | ||
| 100 | _aStewart, A. | ||
| 245 | _aPrice of recovery | ||
| 260 | _c1993 | ||
| 350 | _a0 | ||
| 490 |
_aBuilding _v758(7812) 24 September 1993, 50-51(2) |
||
| 520 | _aComments on building material costs. | ||
| 650 | _aBRICKS | ||
| 650 | _aBUILT ENVIRONMENT-BUILDING MATERIALS | ||
| 650 | _aCEMENT | ||
| 650 | _aCLAY PIPES | ||
| 650 | _aCONCRETE | ||
| 650 | _aCOSTS | ||
| 650 | _aGLASS | ||
| 650 | _aPLASTIC PIPES | ||
| 650 | _aSTEEL | ||
| 690 | _aBUILT ENVIRONMENT-BUILDING COSTS | ||
| 690 | _aBUILT ENVIRONMENT-BUILDING MATERIALS | ||
| 942 | _n0 | ||
| 948 | _c04/03/1997 | ||
| 999 |
_c44503 _d44503 |
||